Guess the Rock Type (Igneous) - Statistics

General Stats
  • This quiz has been taken 14 times
  • The average score is 7 of 10
Answer Stats
Picture Answer % Correct
Basalt
100%
Granite
100%
Obsidian
90%
Pumice
80%
Diorite
70%
Gabbro
70%
Rhyolite
60%
Andesite
50%
Peridotite
40%
Syenite
10%
No matching quizzes found
Score Distribution
Percent of People with Each Score
Percentile by Number Answered
Your Score History
You have not taken this quiz